Strategic Brand Management/ (Record no. 175325)

MARC details
000 -LEADER
fixed length control field 00697nam a22002057a 4500
005 - DATE AND TIME OF LATEST TRANSACTION
control field 20230605152057.0
010 ## - LCCN (DPL NO)
LC control number B-634833 ENG-128376
020 ## - INTERNATIONAL STANDARD BOOK NUMBER
Terms of availability 623.20
International Standard Book Number 9789353946135
035 ## - SYSTEM CONTROL NUMBER
System control number EN-111908
035 ## - SYSTEM CONTROL NUMBER
System control number B-634833
037 ## - SOURCE OF ACQUISITION
Source of stock number/acquisition DBAD/PUB
082 ## - DEWEY DECIMAL CLASSIFICATION NUMBER
Classification number 658.827
100 ## - MAIN ENTRY--PERSONAL NAME
Personal name Keller,Kevin lane
245 ## - TITLE STATEMENT
Title Strategic Brand Management/
Statement of responsibility, etc by Keller,Kevin Lane
260 ## - PUBLICATION, DISTRIBUTION, ETC. (IMPRINT)
Place of publication, distribution, etc Noida
Name of publisher, distributor, etc Pearson
Date of publication, distribution, etc 2020
270 ## - ADDRESS
Address 15th floor,Tower-B,Word Trade Tower,Plot no.1,Block-C sec 16,
City Noida
Postal code 201301
Telephone number 04466540100
Electronic mail address companysecretary.india@pearson.com
300 ## - PHYSICAL DESCRIPTION
Extent 642p.
Dimensions 25cm(pbk)
500 ## - GENERAL NOTE
General note includes index
942 ## - ADDED ENTRY ELEMENTS (KOHA)
Source of classification or shelving scheme Dewey Decimal Classification
Item type English Books
Classification part 658.827
Call number suffix KEL
Holdings
Withdrawn status Lost status Not for loan Collection code Home library Current library Date acquired Source of acquisition Cost, normal purchase price Full call number Barcode Copy number Cost, replacement price Koha item type
      Non-fiction Andrews Gunj Andrews Gunj 24/08/2020 DBAD/PUB 899.00 658.827 KEL EN-111908 1 899.00 English Books
      Non-fiction Patel Nagar Patel Nagar 05/06/2023   623.20 658.827 KEL B-634833 1 623.20 English Books

© Delhi Public Library
Hit Counter
free hit counter